Theologia viuificans. Cibus solidus. Dionysij Coelestis hierarchia Ecclesiastica hierarchia Diuina nomina Mystica thelogia Vndecim epistolae Ignatij Vndecim epistolae Polycarpi Epistola vna. Infinitus thesaurus: aut perditus/ aut absconditus. Dionysij Diuini hymni De ĩtelectualib9 & sẽsibilib9 Theologicê informationes De anima Significatiua theologia Legalis hierarchia Angelicae proprietates & ordines De iusto diuinoqЗ iudicio. Haec. Secvndaria. Est. Et. Castigatissima. Ex. Officina. Aemissio. Insup addũtur. De hêresibus. De fide catholica. De cõtẽptu mũdi. nõ habita. Cum puritate Religione Pietate Deuotione Humilitate Reuerentia Attentione & quaeqЗ alia sacra scripta Tractentur Legantur Seruentur: Ad Ihesv paternae lucis/ talium munerum & authoris & largitoris/ honorẽ

Bibliographic Details
Main Authors: Dionysius Areopagita, činný 1. storočie (Author), Ignatius Antiochenus, svätý, asi 35-asi 108 (Author), Polycarpus Smyrnaeus, asi 70-asi 156 (Author)
Other Authors: Estienne, Henri I., 1465-1520 (Printer), Clicthove, Josse, 1472-1543 (Dedicator), Lefèvre d'Étaples, Jacques, asi 1455-1537 (Dedicator)
Format: Book
Language:Latin
PhysicalDescription:213 listov 4°
Published: [In alma Parisiorum Academia per Henricum Stephanum, artis formulariae peritum et sedulum opificem,... anno ab incarnatione ejusdem Domini nostri Jhesu Christi 1515, die vero mensis aprilis decima quarta
Subjects:

MARC

LEADER 00000cam a2200000 a 4500
001 vtls001515540
003 SK-MaSNL
005 20260301183145.0
008 251112s1515 fr 000 0 lat
035 |a P1k3830Bap 
035 |a 67A136D6-4A25-4254-9B6A-B9A365883642 
035 |a urn:nbn:sk:snk-am00ii43 
040 |a SNKHFA  |b slo  |c SNKHFA  |e AACR2 
041 0 |a lat 
044 |a fr  |c FR 
072 7 |a 2-1  |x Prirodzená teológia. Náboženská filozofia  |2 konspekt 
080 |a 2-1  |2 2011 
100 0 |a Dionysius Areopagita,  |d činný 1. storočie  |4 aut  |9 127353 
245 1 0 |a Theologia viuificans. Cibus solidus. Dionysij Coelestis hierarchia Ecclesiastica hierarchia Diuina nomina Mystica thelogia Vndecim epistolae Ignatij Vndecim epistolae Polycarpi Epistola vna. Infinitus thesaurus: aut perditus/ aut absconditus. Dionysij Diuini hymni De ĩtelectualib9 & sẽsibilib9 Theologicê informationes De anima Significatiua theologia Legalis hierarchia Angelicae proprietates & ordines De iusto diuinoqЗ iudicio. Haec. Secvndaria. Est. Et. Castigatissima. Ex. Officina. Aemissio. Insup addũtur. De hêresibus. De fide catholica. De cõtẽptu mũdi. nõ habita. Cum puritate Religione Pietate Deuotione Humilitate Reuerentia Attentione & quaeqЗ alia sacra scripta Tractentur Legantur Seruentur: Ad Ihesv paternae lucis/ talium munerum & authoris & largitoris/ honorẽ 
246 1 3 |a Opera 
260 |a [In alma Parisiorum Academia  |b per Henricum Stephanum, artis formulariae peritum et sedulum opificem,...  |c anno ab incarnatione ejusdem Domini nostri Jhesu Christi 1515, die vero mensis aprilis decima quarta 
300 |a 213 listov  |c 4° 
500 |a Iniciálky s ornamentálnym a figurálnym pozadím v rámčeku na 3 - 10 riadkov, titulný list v ráme s rastlinnou a figurálnou výzdobou, rubriky 
501 |a Príväzok 1. k: CLICTHOVE, Josse: Elucidarium ecclesiasticum. - Basileae : Ioannes Frobenius. 1519. 4°.  |5 SNK IB 73820 
504 |a Marginálie 
508 |a Dedikácia: Briçonnet, Guillaume; Clicthove, Josse; Le Févre d` Etaples, Jacques 
510 0 |a Moreau II/1075; BNP 38/576 
546 |a Latinčina  |b Kurzíva 
550 |a Impresorské údaje prevzaté z literatúry 
561 |a Z knižnice františkánov v Skalici.  |5 SNK IB 73820/prív.1 
650 0 7 |a teológia  |2 SNKPH  |9 1814 
655 7 |a staré tlače  |2 SNKPH  |9 69193 
700 0 |a Ignatius Antiochenus,  |c svätý,  |d asi 35-asi 108  |4 aut  |9 128401 
700 0 |a Polycarpus Smyrnaeus,  |d asi 70-asi 156  |4 aut  |9 129883 
700 1 |a Estienne, Henri  |b I.,  |d 1465-1520  |4 prt  |9 127526 
700 1 |a Briçonnet, Guillaume  |b I.,  |d 1445-1514  |4 hnr  |9 126867 
700 1 |a Clicthove, Josse,  |d 1472-1543  |4 dto  |9 181202 
700 1 |a Lefèvre d'Étaples, Jacques,  |d asi 1455-1537  |4 dto  |9 128828 
710 1 |a Františkáni (Skalica, Slovensko)  |4 fmo  |9 305294 
752 |a Francúzsko  |d Paríž 
852 |a Slovenská národná knižnica  |b Historické fondy 
852 |a snk  |b Historické fondy  |p IB 73820/prív.1 
958 |a ONDV 
999 |c 856014  |d 857944 
952 |t Fr Bap 3830  |a SNK  |b SNK  |c SNK_HF  |y PREZ  |7 0  |p 17A1357458  |o snkIB 73820/prív.1  |i snk2019/29704  |8 5  |0 0  |1 0  |4 0  |d 2005-04-05  |f 1  |l 0  |r 2005-04-05 00:00:00  |w 2026-02-24